रवीन्द्रनाथ ठाकुर : (Record no. 119047)

MARC details
000 -LEADER
fixed length control field 01407nam a22002777a 4500
005 - DATE AND TIME OF LATEST TRANSACTION
control field 20170124103126.0
010 ## - LIBRARY OF CONGRESS CONTROL NUMBER
LC control number A-817986
020 ## - INTERNATIONAL STANDARD BOOK NUMBER
Terms of availability 15.00
International Standard Book Number 812600133
035 ## - SYSTEM CONTROL NUMBER
System control number A-817986
037 ## - SOURCE OF ACQUISITION
Source of stock number/acquisition Cen Lib/Ret
040 ## - CATALOGING SOURCE
Original cataloging agency DPL
Language of cataloging HN
082 ## - DEWEY DECIMAL CLASSIFICATION NUMBER
Classification number 863.08
Item number घोषशि
100 ## - MAIN ENTRY--PERSONAL NAME
Personal name घोष, शिशिर कुमार
9 (RLIN) 6009
245 ## - TITLE STATEMENT
Title रवीन्द्रनाथ ठाकुर :
Statement of responsibility, etc शिशिर कुमार घोष;अनुवादक अनामिका
Remainder of title भारतीय साहित्य के निर्माता /
246 ## - VARYING FORM OF TITLE
Title proper/short title Rabindranath Thakur : bhartiye sahitye ke nirmata /
Remainder of title by Shishir Kumar Ghosh;anuvadak Anamika
260 ## - PUBLICATION, DISTRIBUTION, ETC. (IMPRINT)
Place of publication, distribution, etc नयी दिल्ली
Name of publisher, distributor, etc साहित्य अकादेमी
Date of publication, distribution, etc 1996
270 ## - ADDRESS
Address रविन्द्र भवन , 35 फ़ीरोज़शाह मार्ग
City नयी दिल्ली
Postal code 110001
300 ## - PHYSICAL DESCRIPTION
Extent 106पृ.
Dimensions 21सेमी(सजिल्द)
500 ## - GENERAL NOTE
General note अनुक्रमणिका शामिल
650 ## - SUBJECT ADDED ENTRY--TOPICAL TERM
Topical term or geographic name as entry element हिंदी साहित्य
9 (RLIN) 83103
650 ## - SUBJECT ADDED ENTRY--TOPICAL TERM
Topical term or geographic name as entry element रवीन्द्रनाथ ठाकुर--जीवनी
9 (RLIN) 70553
650 ## - SUBJECT ADDED ENTRY--TOPICAL TERM
Topical term or geographic name as entry element Hindi literature
9 (RLIN) 83104
650 ## - SUBJECT ADDED ENTRY--TOPICAL TERM
Topical term or geographic name as entry element Rabindranath Thakur--Biography
9 (RLIN) 83105
700 ## - ADDED ENTRY--PERSONAL NAME
Personal name अनामिका
9 (RLIN) 83106
942 ## - ADDED ENTRY ELEMENTS (KOHA)
Source of classification or shelving scheme Dewey Decimal Classification
Koha item type Hindi Books
Classification part 863.08
Call number suffix घोषशि
Holdings
Withdrawn status Lost status Damaged status Not for loan Home library Current library Date acquired Source of acquisition Cost, normal purchase price Total Checkouts Full call number Barcode Date last seen Copy number Cost, replacement price Price effective from Koha item type
        Central Library Central Library 15/09/2015 Cen Lib/Ret 15.00   863.08 घोषशि A-817986 15/09/2015 1 15.00 15/09/2015 Hindi Books

© Delhi Public Library
Hit Counter
free hit counter